[Event "GRE-chT 40th"]
[Site "Achaia"]
[Date "2012.07.01"]
[Round "3.12"]
[White "Diasakos, Spyridon"]
[Black "Pappelis, Dimitrios"]
[Result "0-1"]
[WhiteElo "1623"]
[BlackElo "2042"]
[PlyCount "51"]
[EventDate "2012.06.30"]
[EventType "team-swiss"]
[EventRounds "7"]
[EventCountry "GRE"]
[SourceTitle "CBM 149 Extra"]
[Source "ChessBase"]
[SourceDate "2012.08.24"]
[SourceVersion "1"]
[SourceVersionDate "2012.08.24"]
[SourceQuality "1"]
[WhiteTeam "Kalamata Poseidon"]
[BlackTeam "Von Heraklion Contact"]
[WhiteTeamCountry "GRE"]
[BlackTeamCountry "GRE"]

1. e4 c5 2. Nc3 Nc6 3. Bb5 g6 4. Bxc6 dxc6 5. d3 Bg7 6. f4 Nf6 7. Nf3 0-0 8. 0-0 b6 9. Qe1 c4 10. f5 cxd3 11. Qh4 h5 12. fxg6 fxg6 13. Bg5 dxc2 14. e5 Nd5 15. Nxd5 Qxd5 16. Bxe7 Rf7 17. Bd6 Ba6 18. Rfe1 Re8 19. Qg3 Bd3 20. Ng5 Rf5 21. Nh3 Rf7 22. Ng5 Qd4+ 23. Kh1 Rf5 24. Nh3 h4 25. Qe3 Rf1+ 26. Ng1 0-1

[Event "GRE-chT 39th"]
[Site "Eretria"]
[Date "2011.07.05"]
[Round "4.15"]
[White "Diasakos, Spyridon"]
[Black "Adamos, Thomas"]
[Result "1-0"]
[WhiteElo "1625"]
[BlackElo "1763"]
[PlyCount "59"]
[EventDate "2011.07.03"]
[EventType "team-swiss"]
[EventRounds "7"]
[EventCountry "GRE"]
[SourceTitle "CBM 143 Extra"]
[Source "ChessBase"]
[SourceDate "2011.08.29"]
[SourceVersion "1"]
[SourceVersionDate "2011.08.29"]
[SourceQuality "1"]
[WhiteTeam "Kalamata Poseidon"]
[BlackTeam "Koropiou"]
[WhiteTeamCountry "GRE"]
[BlackTeamCountry "GRE"]

1. e4 c5 2. Nc3 Nc6 3. Bb5 d6 4. Bxc6+ bxc6 5. f4 Nf6 6. Nf3 g6 7. d3 Bg7 8. 0-0 0-0 9. Qe1 Nh5 10. f5 e5 11. g4 Nf4 12. Qg3 g5 13. h4 h6 14. hxg5 hxg5 15. Kf2 Bh6 16. Bxf4 exf4 17. Qh3 Kg7 18. Rh1 Rh8 19. Rh2 Kg8 20. Rah1 f6 21. Qxh6 Rxh6 22. Rxh6 Qf8 23. Rh8+ Kf7 24. Rxf8+ Kxf8 25. Rh8+ Kg7 26. Rd8 Bb7 27. Rd7+ Kf8 28. Rxb7 a5 29. Na4 Ke8 30. Nd2 1-0

[Event "GRE-chT U16"]
[Site "Chalkida"]
[Date "2009.12.12"]
[Round "3.3"]
[White "Diasakos, Spyridon"]
[Black "Serntedakis, Athanasios"]
[Result "0-1"]
[WhiteElo "1526"]
[BlackElo "1910"]
[PlyCount "116"]
[EventDate "2009.12.11"]
[EventType "team-swiss"]
[EventRounds "5"]
[EventCountry "GRE"]
[SourceTitle "EXT 2011"]
[Source "ChessBase"]
[SourceDate "2010.11.26"]
[SourceVersion "1"]
[SourceVersionDate "2010.11.26"]
[SourceQuality "1"]
[WhiteTeam "Poseidon Kalamatas"]
[BlackTeam "Chania"]
[WhiteTeamCountry "GRE"]
[BlackTeamCountry "GRE"]

1. e4 c6 2. d4 d5 3. Nc3 dxe4 4. Nxe4 Bf5 5. Ng3 Bg6 6. Nf3 Nd7 7. Bd3 Bxd3 8. Qxd3 e6 9. Bf4 Qa5+ 10. c3 Ngf6 11. 0-0 Be7 12. a4 Nd5 13. Bd2 Qc7 14. Rfe1 0-0 15. Ne5 c5 16. Nxd7 Qxd7 17. dxc5 Bxc5 18. Ne4 Qc7 19. Nxc5 Qxc5 20. Qg3 Ne7 21. Be3 Qc6 22. Bg5 Nf5 23. Qg4 h6 24. Bh4 Nxh4 25. Qxh4 Rfd8 26. Red1 Rd5 27. Rd4 Qd7 28. Rad1 Qxa4 29. Qg4 Rxd4 30. Qxd4 Qxd4 31. Rxd4 a5 32. Kf1 Ra6 33. Rd8+ Kh7 34. Ke2 Rb6 35. Rd2 Kg6 36. Kd1 Kf6 37. Kc2 Ke7 38. Rd4 Rd6 39. Ra4 Rd5 40. b4 axb4 41. Rxb4 b5 42. c4 bxc4 43. Rxc4 e5 44. Rc3 f5 45. Rd3 Rxd3 46. Kxd3 Ke6 47. f3 Kd5 48. h3 e4+ 49. Ke3 Ke5 50. h4 h5 51. Kd2 Kf4 52. fxe4 fxe4 53. Ke2 e3 54. g3+ Kxg3 55. Kxe3 Kxh4 56. Kf4 g5+ 57. Kf3 Kh3 58. Kf2 Kh2 0-1

[Event "GRE-chT U16"]
[Site "Chalkida"]
[Date "2009.12.11"]
[Round "2.4"]
[White "Kalogridakis, Georgios"]
[Black "Diasakos, Spyridon"]
[Result "0-1"]
[WhiteElo "1753"]
[BlackElo "1526"]
[PlyCount "116"]
[EventDate "2009.12.11"]
[EventType "team-swiss"]
[EventRounds "5"]
[EventCountry "GRE"]
[SourceTitle "EXT 2011"]
[Source "ChessBase"]
[SourceDate "2010.11.26"]
[SourceVersion "1"]
[SourceVersionDate "2010.11.26"]
[SourceQuality "1"]
[WhiteTeam "Filadelfia CN"]
[BlackTeam "Poseidon Kalamatas"]
[WhiteTeamCountry "GRE"]
[BlackTeamCountry "GRE"]

1. e4 c5 2. Nf3 d6 3. d4 cxd4 4. Nxd4 Nf6 5. Nc3 g6 6. Be2 Bg7 7. Be3 0-0 8. f4 Nc6 9. Bf3 Nxd4 10. Bxd4 Qa5 11. Qd2 e5 12. Be3 exf4 13. Bxf4 Bg4 14. Bxd6 Rfd8 15. e5 Bxf3 16. gxf3 Ne8 17. f4 Nxd6 18. exd6 Rac8 19. Kf2 Bxc3 20. bxc3 Qxc3 21. Rad1 Qxc2 22. Rhe1 Qxd2+ 23. Rxd2 Rd7 24. Red1 Rc6 25. Ke3 f5 26. Rd5 Kf7 27. R1d2 Ke8 28. Kf3 Kd8 29. Kg3 Rf7 30. Kh4 h6 31. Rg2 Rg7 32. Rxf5 Rxd6 33. Rf8+ Ke7 34. Rh8 Rf6 35. Re2+ Kd7 36. Rf2 g5+ 37. Kh5 Rxf4 38. Rxf4 gxf4 39. Rf8 Rg2 40. h4 Rxa2 41. Rxf4 b5 42. Kxh6 Ra4 43. Rf7+ Ke6 44. Rb7 Rxh4+ 45. Kg5 Re4 46. Rxa7 b4 47. Ra6+ Kd5 48. Kf5 Re8 49. Rb6 Rf8+ 50. Kg4 Kc4 51. Rb7 b3 52. Rc7+ Kd3 53. Rd7+ Kc2 54. Rc7+ Kb1 55. Rb7 b2 56. Kg3 Rc8 57. Rf7 Kc2 58. Rf2+ Kb3 0-1

[Event "GRE-chT 37th"]
[Site "Kallithea"]
[Date "2009.07.07"]
[Round "7"]
[White "Diasakos, Spyridon"]
[Black "Papakonstantinou, Dimitrios"]
[Result "0-1"]
[WhiteElo "1538"]
[BlackElo "1831"]
[PlyCount "66"]
[EventDate "2009.07.03"]
[EventType "team-tourn"]
[EventRounds "9"]
[EventCountry "GRE"]
[SourceTitle "CBM 131 Extra"]
[Source "ChessBase"]
[SourceDate "2009.09.03"]
[SourceVersion "2"]
[SourceVersionDate "2009.09.16"]
[SourceQuality "1"]

1. e4 c5 2. Nc3 Nc6 3. g3 g6 4. Bg2 Bg7 5. d3 e6 6. f4 Nge7 7. Nf3 0-0 8. 0-0 d5 9. e5 a6 10. Qe1 Qc7 11. Nd1 b5 12. Be3 Nb4 13. Qd2 Nf5 14. c3 Nxe3 15. Nxe3 Nc6 16. d4 Ne7 17. b4 cxb4 18. cxb4 Bb7 19. Rfc1 Qb6 20. Rc5 Rfc8 21. Rac1 Nc6 22. a3 Bf8 23. R5c2 a5 24. Rb1 axb4 25. axb4 Ra4 26. Rcb2 Rca8 27. Nc2 Ra2 28. Qc3 R8a4 29. Rxa2 Rxa2 30. Nfe1 Qa7 31. Nd3 Qa4 32. Rb3 Rxc2 33. Qxc2 Nxd4 0-1

[Event "GRE-ch U14"]
[Site "Kallithea"]
[Date "2009.06.28"]
[Round "6"]
[White "Kafetzis, Georgios"]
[Black "Diasakos, Spyridon"]
[Result "1/2-1/2"]
[WhiteElo "1885"]
[BlackElo "1538"]
[PlyCount "58"]
[EventDate "2009.06.25"]
[EventType "swiss"]
[EventRounds "9"]
[EventCountry "GRE"]
[SourceTitle "EXT 2011"]
[Source "ChessBase"]
[SourceDate "2010.11.26"]
[SourceVersion "1"]
[SourceVersionDate "2010.11.26"]
[SourceQuality "1"]

1. e4 c5 2. Nf3 d6 3. d4 cxd4 4. Nxd4 Nf6 5. Nc3 g6 6. f3 Bg7 7. Be3 0-0 8. Qd2 Nc6 9. 0-0-0 d5 10. Nxc6 bxc6 11. exd5 Nxd5 12. Bd4 Nxc3 13. Qxc3 Bh6+ 14. Be3 Bxe3+ 15. Qxe3 Qb6 16. Qxe7 Be6 17. Kb1 Rfe8 18. Qf6 Qf2 19. Bd3 Qxg2 20. Rdg1 Qh3 21. Rg3 Qh6 22. h4 Qg7 23. Qg5 Rab8 24. b3 Rb7 25. Qc5 Bd5 26. Be4 Rbe7 27. Rd1 Bxe4 28. fxe4 Rxe4 29. Qxc6 Qe5 1/2-1/2

[Event "EU School-ch U13"]
[Site "Kallithea"]
[Date "2008.04.29"]
[Round "1"]
[White "Diasakos, Spyridon"]
[Black "Mihelakos, Panagiotis"]
[Result "0-1"]
[WhiteElo "1530"]
[BlackElo "1954"]
[PlyCount "106"]
[EventDate "2008.04.29"]
[EventType "swiss"]
[EventRounds "9"]
[EventCountry "GRE"]
[SourceTitle "CBM 124 Extra"]
[Source "ChessBase"]
[SourceDate "2008.07.03"]
[SourceVersion "1"]
[SourceVersionDate "2008.07.03"]
[SourceQuality "1"]

1. e4 c5 2. Nc3 Nc6 3. g3 g6 4. Bg2 Bg7 5. d3 d6 6. Be3 e6 7. Nge2 Nge7 8. Qd2 a6 9. 0-0 0-0 10. Bh6 Qc7 11. Bxg7 Kxg7 12. f4 Rd8 13. a3 d5 14. e5 b5 15. h3 Qb6 16. Rab1 b4 17. Na2 a5 18. g4 Bd7 19. Ng3 Nd4 20. c3 Nb3 21. Qe3 Rab8 22. axb4 axb4 23. Nc1 Nxc1 24. Rfxc1 Rdc8 25. c4 dxc4 26. dxc4 Bc6 27. Bxc6 Qxc6 28. Ne4 Qb6 29. Nf6 Rd8 30. Rd1 Rxd1+ 31. Rxd1 Rd8 32. Rd6 Qa5 33. Kf2 Ra8 34. Rd7 Ng8 35. Ne4 Qa1 36. Nd6 Qxb2+ 37. Qe2 Qxe2+ 38. Kxe2 Ra2+ 39. Kf3 Ra3+ 40. Kg2 Ra2+ 41. Kg3 Nh6 42. f5 gxf5 43. g5 Ng8 44. Nxf7 f4+ 45. Kg4 Rg2+ 46. Kh4 Kg6 47. Nh8+ Kf5 48. Rxh7 b3 49. Rf7+ Ke4 50. Rb7 b2 51. Nf7 f3 52. Rb3 f2 53. Rxb2 f1Q 0-1